00381nam a2200133 a 450000100100000000500170001000800410002704000250006808200150009310000230010824500510013126000440018230000210022600003430720200930073630.0111003s2004 sp 000 0 spa d aDO-SdBNPbspacBNPHU axxxbS714a1 aGracía Godoy, F.10aAméricanismo literario /cF. García Godoy. aMadrid :bEdtorial- América,c[196?]. a248 p. ;c19 cm.